Wireless Servicing Manual / (Record no. 182941)
[ view plain ]
| 000 -LEADER | |
|---|---|
| fixed length control field | 01521 a2200181 4500 |
| 003 - CONTROL NUMBER IDENTIFIER | |
| control field | Nust |
| 005 - DATE AND TIME OF LATEST TRANSACTION | |
| control field | 20230726124554.0 |
| 040 ## - CATALOGING SOURCE | |
| Transcribing agency | Nust |
| 082 ## - DEWEY DECIMAL CLASSIFICATION NUMBER | |
| Classification number | 621.3825,COC |
| 100 ## - MAIN ENTRY--PERSONAL NAME | |
| Personal name | Cocking, W. T. |
| 9 (RLIN) | 41663 |
| 245 ## - TITLE STATEMENT | |
| Title | Wireless Servicing Manual / |
| Statement of responsibility, etc. | Cocking, W. T. |
| 250 ## - EDITION STATEMENT | |
| Edition statement | 8th ed |
| 260 ## - PUBLICATION, DISTRIBUTION, ETC. | |
| Place of publication, distribution, etc. | London |
| Name of publisher, distributor, etc. | Wireless World |
| Date of publication, distribution, etc. | 1953 |
| 300 ## - PHYSICAL DESCRIPTION | |
| Extent | 293 p. |
| 505 ## - FORMATTED CONTENTS NOTE | |
| Formatted contents note | Testing Equipment (Page-1), Current and Voltage Testing (Page-9), The Interpretation of Meter Readings (Page-16), Valves (Page-25), Tracing Mains Hum (Page-29), Motor-Boating (Page-47), Instability in R.F and I.F Stages (Page-55), Frequency and Amplitude Distortion (Page-65), Background Noise and Local Interference (Page-81), The Adjustment of Ganging –Straight Sets (Page-91), The Adjustment of Ganging -Superheterodyne I.F. Amplifiers (Page-104), The Adjustment of Ganging –Superheterodyne Signal-Frequency Circuits (Page-115), Tracing The Cause of Whistles (Page-129), Superheterodyne Whistles (Page-136), Frequency-Changers (Page-148), Automatic Volume Control Systems (Page-169), Short-Wave Receivers (Page-180), Short-Wave Converters (Page-193), The Loud Speaker (Page-199), Extension Loud Speaker (Page-205), The Arial-Earth System (Page-209), Automatic Frequency Control (Page-217), Push-Pull Amplifiers (Page-228), Miscellaneous Defects and Adjustments (Page-244), Negative Feed-Back (Page-250), Television Receivers (Page-257), The use of Cathode-ray Test Gear (Page-270). |
| 650 ## - SUBJECT ADDED ENTRY--TOPICAL TERM | |
| Topical term or geographic name entry element | Telecommunication engineering |
| 942 ## - ADDED ENTRY ELEMENTS (KOHA) | |
| Source of classification or shelving scheme | |
| Koha item type | Book Bank |
| Withdrawn status | Lost status | Source of classification or shelving scheme | Damaged status | Not for loan | Permanent Location | Current Location | Shelving location | Date acquired | Full call number | Barcode | Date last seen | Price effective from | Koha item type | Public note |
|---|---|---|---|---|---|---|---|---|---|---|---|---|---|---|
| Military College of Signals (MCS) | Military College of Signals (MCS) | General Stacks | 12/12/2016 | 621.3825,COC | MCS6688 | 12/08/2016 | 12/12/2016 | Book | Almirah No.83, Shelf No.4 | |||||
| Military College of Signals (MCS) | Military College of Signals (MCS) | General Stacks | 12/12/2016 | 621.3825,COC | MCS7097 | 12/08/2016 | 12/12/2016 | Book | Almirah No.83, Shelf No.4 |
